[Event "BL 0405 (Women)"]
[Site "Germany"]
[Date "2005.03.20"]
[Round "9.2"]
[White "Szydlowska, Malgorzata"]
[Black "Rubina, Tatiana"]
[Result "1-0"]
[WhiteElo "2428"]
[BlackElo "2133"]
[PlyCount "77"]
[EventDate "2004.11.06"]
[EventType "team-tourn"]
[EventRounds "11"]
[EventCountry "GER"]
[SourceTitle "EXT 2006"]
[Source "ChessBase"]
[SourceDate "2005.11.24"]
[SourceVersion "1"]
[SourceVersionDate "2005.11.24"]
[SourceQuality "1"]
[WhiteTeam "Leipzig WBA (W)"]
[BlackTeam "Mannheim (W)"]
[WhiteTeamCountry "GER"]
[BlackTeamCountry "GER"]

1. d4 d5 2. c4 e6 3. Nf3 Be7 4. Nc3 Nf6 5. Bg5 h6 6. Bh4 0-0 7. e3 b6 8. cxd5 Nxd5 9. Bxe7 Qxe7 10. Nxd5 exd5 11. Be2 Be6 12. Rc1 c5 13. dxc5 bxc5 14. 0-0 Nd7 15. Qa4 a5 16. Qa3 Rfb8 17. Nd4 Qf6 18. Nb5 c4 19. Nd4 a4 20. f4 Bf5 21. Bf3 Nb6 22. Nxf5 Qxf5 23. Rcd1 Re8 24. Rfe1 Rad8 25. Qc5 Re6 26. h3 Red6 27. Rd4 Qe6 28. Qb4 Qd7 29. Red1 Qf5 30. Qd2 Rb8 31. e4 Qc8 32. Kh1 a3 33. Qb4 Rg6 34. Qxa3 Ra8 35. Qe3 Rxa2 36. f5 Rc6 37. exd5 Rc5 38. f6 g5 39. Re4 1-0

[Event "Cappelle op 21st"]
[Site "Cappelle la Grande"]
[Date "2005.02.17"]
[Round "7"]
[White "Vozovic, Oksana"]
[Black "Szydlowska, Malgorzata"]
[Result "0-1"]
[WhiteElo "2301"]
[BlackElo "2441"]
[PlyCount "50"]
[EventDate "2005.02.12"]
[EventType "swiss"]
[EventRounds "9"]
[EventCountry "FRA"]
[SourceTitle "EXT 2006"]
[Source "ChessBase"]
[SourceDate "2005.11.24"]
[SourceVersion "1"]
[SourceVersionDate "2005.11.24"]
[SourceQuality "1"]

1. e4 g6 2. d4 d6 3. Nc3 Bg7 4. h3 a6 5. Be3 b5 6. a3 Nd7 7. f4 Bb7 8. Nf3 c5 9. Bd3 cxd4 10. Nxd4 Ngf6 11. Nf3 Nh5 12. g4 Bxc3+ 13. bxc3 Nhf6 14. g5 Nh5 15. Rg1 Qc7 16. Bd2 0-0 17. Qe2 Nc5 18. Nd4 e5 19. fxe5 dxe5 20. Nf5 Nf4 21. Nh6+ Kg7 22. Bxf4 exf4 23. 0-0-0 Qe5 24. Ng4 Qxc3 25. Qf2 Nb3+ 0-1

[Event "Cappelle op 21st"]
[Site "Cappelle la Grande"]
[Date "2005.02.15"]
[Round "5"]
[White "Bruned, Yvalin"]
[Black "Szydlowska, Malgorzata"]
[Result "0-1"]
[WhiteElo "2331"]
[BlackElo "2441"]
[PlyCount "82"]
[EventDate "2005.02.12"]
[EventType "swiss"]
[EventRounds "9"]
[EventCountry "FRA"]
[SourceTitle "EXT 2006"]
[Source "ChessBase"]
[SourceDate "2005.11.24"]
[SourceVersion "1"]
[SourceVersionDate "2005.11.24"]
[SourceQuality "1"]

1. e4 e6 2. d4 d5 3. Nc3 Bb4 4. e5 c5 5. a3 Bxc3+ 6. bxc3 Nc6 7. Qg4 g6 8. Qd1 Qa5 9. Bd2 Qa4 10. Be3 c4 11. Ne2 Bd7 12. h4 h6 13. Nf4 0-0-0 14. g3 Rf8 15. Bg2 Kb8 16. Kd2 Nge7 17. Bh3 Ka8 18. Qe2 a6 19. Qd1 Rd8 20. Qb1 Nc8 21. Ke2 N8a7 22. Qb2 Nb5 23. Bd2 g5 24. Nh5 Ncxd4+ 25. cxd4 c3 26. Bxc3 Rc8 27. Bd2 Nxd4+ 28. Kf1 Rxc2 29. Qb4 Nb3 30. Nf6 Nxd2+ 31. Kg2 Qxb4 32. axb4 Bb5 33. hxg5 hxg5 34. Bg4 Rxh1 35. Rxh1 Nc4 36. Rh8+ Ka7 37. Kf3 Nxe5+ 38. Ke3 d4+ 39. Ke4 Nxg4 40. Nxg4 f5+ 41. Kxd4 fxg4 0-1

[Event "BL 0405 (Women)"]
[Site "Germany"]
[Date "2004.12.04"]
[Round "3.2"]
[White "Szydlowska, Malgorzata"]
[Black "Moser, Eva"]
[Result "1-0"]
[WhiteElo "2428"]
[BlackElo "2406"]
[PlyCount "117"]
[EventDate "2004.11.06"]
[EventType "team-tourn"]
[EventRounds "11"]
[EventCountry "GER"]
[SourceTitle "EXT 2006"]
[Source "ChessBase"]
[SourceDate "2005.11.24"]
[SourceVersion "1"]
[SourceVersionDate "2005.11.24"]
[SourceQuality "1"]
[WhiteTeam "Leipzig WBA (W)"]
[BlackTeam "Dresden SC (W)"]
[WhiteTeamCountry "GER"]
[BlackTeamCountry "GER"]

1. d4 Nf6 2. c4 g6 3. Nc3 Bg7 4. e4 0-0 5. Nf3 c6 6. e5 Ne8 7. Bf4 d6 8. h3 Nd7 9. exd6 Nxd6 10. c5 Nf5 11. Be2 Nxd4 12. Nxd4 e5 13. Nxc6 bxc6 14. Be3 f5 15. f3 Rb8 16. Rb1 Bh6 17. Bxh6 Qh4+ 18. g3 Qxh6 19. Kf2 Rb4 20. Qd6 Rf6 21. Qe7 Qf8 22. Qxf8+ Rxf8 23. a3 Rd4 24. b4 Rd8 25. Rhd1 Kf8 26. f4 Ke7 27. Ke3 Rxd1 28. Rxd1 e4 29. Rd6 Nb8 30. Rxd8 Kxd8 31. a4 Be6 32. b5 Kc7 33. Kd4 Nd7 34. a5 Bb3 35. g4 Nf8 36. b6+ Kb7 37. a6+ Kb8 38. gxf5 gxf5 39. Ke5 axb6 40. cxb6 Nd7+ 41. Kxf5 Nxb6 42. Nxe4 Nd7 43. Nf6 Nf8 44. Ke4 Bc2+ 45. Ke3 Ka7 46. Ne4 Nd7 47. f5 c5 48. Kf4 Kb6 49. Bc4 Bb1 50. Nd2 Bc2 51. Be2 h6 52. Nc4+ Ka7 53. Nd6 Nb6 54. f6 Bg6 55. Ke5 c4 56. Nxc4 Nd7+ 57. Ke6 Nc5+ 58. Ke7 Nxa6 59. Ne5 1-0

[Event "POL-ch U18 Girls"]
[Site "Wisla"]
[Date "2000.??.??"]
[Round "4"]
[White "Szydlowska, Malgorzata"]
[Black "Bursa, Renata"]
[Result "0-1"]
[WhiteElo "1800"]
[BlackElo "1800"]
[PlyCount "77"]
[EventDate "2000.02.26"]
[EventType "swiss"]
[EventRounds "10"]
[EventCountry "POL"]
[SourceTitle "EXT 2005"]
[Source "ChessBase"]
[SourceDate "2004.11.15"]
[SourceVersion "1"]
[SourceVersionDate "2004.11.15"]
[SourceQuality "1"]

1. e4 Nf6 2. e5 Nd5 3. c4 Nb6 4. d4 d6 5. f4 dxe5 6. fxe5 c5 7. d5 e6 8. Nc3 exd5 9. cxd5 c4 10. a3 Bc5 11. Nf3 Bg4 12. Bf4 0-0 13. h3 Bxf3 14. Qxf3 N8d7 15. 0-0-0 Re8 16. Qg3 Bf8 17. h4 Qe7 18. Re1 Qc5 19. Be3 Qa5 20. Bd4 Nc5 21. Bxc5 Bxc5 22. Ne4 Be7 23. d6 Bd8 24. Ng5 Rc8 25. e6 fxe6 26. Nxe6 Bf6 27. Kb1 Qf5+ 28. Ka1 Rxe6 29. Rd1 Nd7 30. Rc1 Qc5 31. Bxc4 Qxc4 32. Rxc4 Rxc4 33. Rd1 b6 34. h5 Re2 35. Qf3 Rce4 36. Qf5 Rxb2 37. Qd5+ Kf8 38. Qa8+ Re8 39. Qd5 0-1

[Event "POL-chT2 South U19"]
[Site "Rudnik"]
[Date "2000.??.??"]
[Round "3.5"]
[White "Szydlowska, Malgorzata"]
[Black "Chlost, Marlena"]
[Result "1/2-1/2"]
[WhiteElo "1800"]
[BlackElo "1800"]
[PlyCount "84"]
[EventDate "2000.07.20"]
[EventType "team-swiss"]
[EventRounds "10"]
[EventCountry "POL"]
[SourceTitle "EXT 2005"]
[Source "ChessBase"]
[SourceDate "2004.11.15"]
[SourceVersion "1"]
[SourceVersionDate "2004.11.15"]
[SourceQuality "1"]
[WhiteTeam "Katowice Start U19"]
[BlackTeam "Gliwice Carbo U19"]
[WhiteTeamCountry "POL"]
[BlackTeamCountry "POL"]

1. e4 c5 2. c4 Nc6 3. Nc3 e6 4. d3 Nf6 5. f4 g6 6. Nf3 Bg7 7. Be2 d6 8. 0-0 a6 9. h3 Nh5 10. Qe1 Nb4 11. Rb1 0-0 12. a3 Nc6 13. Be3 Nd4 14. Bd1 Re8 15. Qf2 Nc6 16. g4 Nf6 17. g5 Nd7 18. d4 cxd4 19. Nxd4 Nxd4 20. Bxd4 Bxd4 21. Qxd4 Qb6 22. Qxb6 Nxb6 23. b3 d5 24. c5 Nd7 25. exd5 Nxc5 26. b4 Nd7 27. dxe6 Rxe6 28. Nd5 Rd6 29. Bf3 Kg7 30. Rbe1 Rb8 31. Ne7 b5 32. f5 Bb7 33. f6+ Kf8 34. Bxb7 Rxb7 35. Rc1 Nb6 36. Nc8 Rd8 37. Nxb6 Rxb6 38. Rc3 Rbd6 39. Kg2 Rd2+ 40. Rf2 R8d5 41. h4 R5d4 42. Kg3 Rd6 1/2-1/2

[Event "POL-chT2 South U19"]
[Site "Rudnik"]
[Date "2000.??.??"]
[Round "8.5"]
[White "Szydlowska, Malgorzata"]
[Black "Kupczyk, Edyta"]
[Result "0-1"]
[WhiteElo "1800"]
[BlackElo "2000"]
[PlyCount "70"]
[EventDate "2000.07.20"]
[EventType "team-swiss"]
[EventRounds "10"]
[EventCountry "POL"]
[SourceTitle "EXT 2005"]
[Source "ChessBase"]
[SourceDate "2004.11.15"]
[SourceVersion "1"]
[SourceVersionDate "2004.11.15"]
[SourceQuality "1"]
[WhiteTeam "Katowice Start U19"]
[BlackTeam "Olkusz Czarny Kon U19"]
[WhiteTeamCountry "POL"]
[BlackTeamCountry "POL"]

1. e4 c5 2. Nf3 Nc6 3. d4 cxd4 4. Nxd4 Nf6 5. Nc3 e5 6. Nf5 d5 7. exd5 Bxf5 8. dxc6 bxc6 9. Qf3 Qd7 10. Bd3 Bxd3 11. Qxd3 Qe6 12. 0-0 Bc5 13. Ne4 Nxe4 14. Qxe4 0-0 15. Be3 Bb6 16. a4 f5 17. Qf3 Kh8 18. a5 e4 19. Qe2 Bxe3 20. fxe3 Rab8 21. b3 c5 22. Ra4 Qe5 23. g3 Rbd8 24. Rc4 Rd6 25. Rd1 Rfd8 26. Rxd6 Rxd6 27. Qe1 Qd5 28. Kf2 h6 29. Qe2 Qe5 30. Qe1 Rd5 31. Qc3 Qd6 32. Ke2 Qg6 33. Kf2 Qg4 34. Kg2 Qe2+ 35. Kh3 Rd2 0-1

[Event "POL-ch U18 Girls"]
[Site "Wisla"]
[Date "2000.??.??"]
[Round "6"]
[White "Szydlowska, Malgorzata"]
[Black "Nowak, Dominika"]
[Result "0-1"]
[WhiteElo "1800"]
[BlackElo "1800"]
[PlyCount "50"]
[EventDate "2000.02.26"]
[EventType "swiss"]
[EventRounds "10"]
[EventCountry "POL"]
[SourceTitle "EXT 2005"]
[Source "ChessBase"]
[SourceDate "2004.11.15"]
[SourceVersion "1"]
[SourceVersionDate "2004.11.15"]
[SourceQuality "1"]

1. e4 e5 2. Nf3 d5 3. exd5 e4 4. Nd4 Qxd5 5. Nb3 Nf6 6. Nc3 Qe5 7. Be2 Bd6 8. Nb5 0-0 9. Nxd6 cxd6 10. 0-0 Nc6 11. f3 d5 12. d4 Qd6 13. fxe4 Nxe4 14. c3 f5 15. Bf4 Qe7 16. Nd2 g5 17. Nxe4 dxe4 18. Bg3 f4 19. Be1 Kh8 20. Kh1 g4 21. Bxg4 f3 22. Bh3 Bxh3 23. gxh3 e3 24. Qc2 f2 25. Bxf2 e2 0-1

[Event "POL-chT2 South U19"]
[Site "Rudnik"]
[Date "2000.??.??"]
[Round "10.5"]
[White "Szydlowska, Malgorzata"]
[Black "Slezak, Agnieszka"]
[Result "1/2-1/2"]
[WhiteElo "1800"]
[BlackElo "1800"]
[PlyCount "50"]
[EventDate "2000.07.20"]
[EventType "team-swiss"]
[EventRounds "10"]
[EventCountry "POL"]
[SourceTitle "EXT 2005"]
[Source "ChessBase"]
[SourceDate "2004.11.15"]
[SourceVersion "1"]
[SourceVersionDate "2004.11.15"]
[SourceQuality "1"]
[WhiteTeam "Katowice Start U19"]
[BlackTeam "Klodzko Sudety U19"]
[WhiteTeamCountry "POL"]
[BlackTeamCountry "POL"]

1. e4 d5 2. exd5 Qxd5 3. Nc3 Qa5 4. Nf3 Bf5 5. d4 c6 6. Bd3 Bg6 7. 0-0 Nf6 8. Qe2 e6 9. a3 Bd6 10. Re1 0-0 11. Bg5 Nbd7 12. Ne4 Bxe4 13. Bxe4 Rfe8 14. b4 Qc7 15. c4 Rad8 16. Qc2 Rc8 17. Bd3 Bf4 18. Bh4 Nf8 19. Rad1 Ng6 20. Bg3 Red8 21. Qc3 Qd6 22. Bc2 Rd7 23. Ne5 Re7 24. Qf3 Bxg3 25. hxg3 Rd8 1/2-1/2

[Event "Wisla op (Women)"]
[Site "Warsaw"]
[Date "1995.??.??"]
[Round "5"]
[White "Izdebska, Maja"]
[Black "Szydlowska, Malgorzata"]
[Result "1-0"]
[WhiteElo "2160"]
[BlackElo "2310"]
[PlyCount "100"]
[EventDate "1995.??.??"]
[EventType "swiss"]
[EventRounds "9"]
[EventCountry "POL"]
[SourceTitle "EXT 2006"]
[Source "ChessBase"]
[SourceDate "2005.11.24"]
[SourceVersion "1"]
[SourceVersionDate "2005.11.24"]
[SourceQuality "1"]

1. e4 e6 2. d4 d5 3. exd5 exd5 4. Nf3 Bg4 5. Bd3 Nf6 6. 0-0 Be7 7. Re1 0-0 8. c3 c5 9. Nbd2 cxd4 10. cxd4 Nc6 11. Qa4 Bd6 12. Ne5 Re8 13. Ndf3 Bxf3 14. Nxf3 Rxe1+ 15. Nxe1 Ng4 16. Nf3 h6 17. h3 Nf6 18. Be3 Qc7 19. Rc1 Re8 20. Bb5 Rxe3 21. fxe3 Qe7 22. Qb3 Na5 23. Qd3 g6 24. Qe2 Ne4 25. Bd3 Ng3 26. Qf2 Nc6 27. Nd2 Nd8 28. Nf1 Nh5 29. a3 Ne6 30. Bb1 Kg7 31. Qf3 Nf6 32. h4 h5 33. Ba2 Qd7 34. Nd2 Ng4 35. Bxd5 Nd8 36. Nf1 Qe7 37. g3 g5 38. hxg5 Qxg5 39. Re1 h4 40. e4 Bc7 41. Kg2 Nf6 42. Ba2 hxg3 43. e5 Nh5 44. Re4 f5 45. exf6+ Kh6 46. f7 Nxf7 47. Bxf7 Nf4+ 48. Rxf4 Bxf4 49. Nxg3 Kg7 50. Bc4 Bb8 1-0